000 00811nmm a2200289 a 4500
003 AR-BaBNM
005 20251128203328.0
008 011101s1988 ||||||||||||||000 | spa||
020 _a950-9480-04-5
040 _cAR-BaBNM
100 1 _aReggini, Horacio C.
245 1 0 _aComputadoras
_b¿creatividad o automatismo?
250 _a1ª ed.
260 _aBuenos Aires
_bEdiciones Galápago
_c1988
300 0 _a270 p.
_bdiagr., il.
504 _aContiene bibliografía al final de cada capítulo
600 1 4 _aPopper, Karl Raimund
600 1 4 _aPapert, Seymour
600 1 4 _aNeumann, John Von
650 4 _aCOMPUTADORAS
650 4 _aENSENANZA POR COMPUTADORA
650 4 _aINFORMATICA
650 4 _aLENGUAJES DE COMPUTACION
650 4 _aPROGRAMAS INFORMATICOS
942 _cBK
998 _cSILVI
999 _c2924
_d2924